| 000 | 00798nam a22002177a 4500 | ||
|---|---|---|---|
| 999 |
_c9369 _d9369 |
||
| 003 | AR-CdUCM | ||
| 008 | 190327b ||||| |||| 00| 0 spa d | ||
| 040 |
_aMUNICIPALIDAD PROVINCIAL DEL CUSCO _cBIBLIOTECA MUNICIPAL DEL CUSCO |
||
| 082 |
_a863.609 / _bG78 |
||
| 100 |
_aGoytisolo, Juan _96756 |
||
| 245 | _aProblemas de la novela / | ||
| 260 |
_aBarcelona : _bEdit. Seix Barral, _c1959. |
||
| 300 |
_a141 páginas ; _c17 cm. |
||
| 500 | _aDonación familia Nieto | ||
| 505 | _aContenido: Problemas de la novela -- Los limites de la novela -- Novela francesa. Novela americana -- La nueva psicología -- La novela en Italia -- Ortega y la novela... | ||
| 650 |
_aNovela española _9192 |
||
| 650 |
_aHistoria y crítica _95993 |
||
| 650 |
_aSiglo XX _98 |
||
| 942 |
_2ddc _cLIBROS |
||
| 945 | _adavv | ||